000 00715nam a2200205 a 4500
001 000018565
005 20200929165826.0
008 100511s2001 it ac r 000 f spa d
020 _a888840502X
040 _aDO-SdBNP
_bspa
_cBNPHU
082 _a853.912
_bA473G
100 1 _aÁlvaro, Corrado
_d1895-1956
_940149
245 1 0 _aGente del Aspromonte /
_cCorrado Álvaro ; traducción de Mayerín Bello Valdés ; edición Pilar Capanaga.
260 _aItalia :
_bArci Solidarietá Cesenate,
_c2001.
300 _a112 p. :
_bil., retrs. ;
_c17 cm.
650 4 _aNovela italiana
_94322
650 4 _aLiteratura italiana
_93329
700 1 _aBello Valdés, Mayerín,
_etr.
_940150
700 1 _aCapanaga, Pilar,
_eed.
_940151
999 _c18085
_d18085